LEADER 03047nam 2200661 a 450 001 9910954117403321 005 20251117115947.0 010 $a1-55963-407-3 010 $a1-61091-071-0 010 $a1-4175-3969-0 035 $a(CKB)1000000000003114 035 $a(EBL)3317329 035 $a(SSID)ssj0000158421 035 $a(PQKBManifestationID)11946912 035 $a(PQKBTitleCode)TC0000158421 035 $a(PQKBWorkID)10146614 035 $a(PQKB)10639950 035 $a(MiAaPQ)EBC3317329 035 $a(Au-PeEL)EBL3317329 035 $a(CaPaEBR)ebr10064675 035 $a(OCoLC)923186442 035 $a(MiAaPQ)EBC6531176 035 $a(Au-PeEL)EBL6531176 035 $a(OCoLC)1245673068 035 $a(BIP)1871835 035 $a(EXLCZ)991000000000003114 100 $a19941024d1995 uy 0 101 0 $aeng 135 $aur|n|---||||| 181 $ctxt 182 $cc 183 $acr 200 04$aThe freshwater imperative $ea research agenda /$fedited by Robert J. Naiman ... [et al.] 205 $a1st ed. 210 $aWashington, D.C. $cIsland Press$dc1995 215 $a1 online resource (185 p.) 300 $aDescription based upon print version of record. 311 08$a1-55963-071-X 311 08$a1-55963-406-5 320 $aIncludes bibliographical references (p. 135-149) and index. 327 $a""About Island Press""; ""Title Page""; ""Copyright Page""; ""Island Press Board of Directors 1995""; ""Contents""; ""Figures, Tables, and Boxes""; ""Foreword""; ""Preface""; ""Executive Summary""; ""Fresh Water and the Freshwater Imperative""; ""Status of Fresh Waters and Challenges Ahead""; ""Directions for Freshwater Research""; ""Linking Research, Management, and Policy""; ""Implementation Requirements""; ""Appendix 1. FWI Research Agenda Participants""; ""Appendix 2. Books and Proceedings Reviewed by the FWl Steering Committee""; ""Literature Cited""; ""Glossary of Terms and Acronyms"" 327 $a""About the Authors""""Index"" 330 $aThis volume summarizes the two-year effort of a working group of leading aquatic scientists sponsored by NSF, EPA, NASA, TVA, and NOAA to identify research opportunities and frontiers in freshwater sciences for this decade and beyond. The research agenda outlined focuses on issues of water availability, aquatic ecosystem integrity, and human health and safety. It is a consensus document that has been endorsed by all of the major professional organizations involved with freshwater issues. 606 $aLimnology$xResearch 606 $aEcosystem management$xResearch 606 $aWater quality management$xResearch 615 0$aLimnology$xResearch. 615 0$aEcosystem management$xResearch. 615 0$aWater quality management$xResearch. 676 $a574.5/2632/072 701 $aNaiman$b Robert J$01862949 801 0$bMiAaPQ 801 1$bMiAaPQ 801 2$bMiAaPQ 906 $aBOOK 912 $a9910954117403321 996 $aThe freshwater imperative$94469260 997 $aUNINA